[Event "AUTO-MASTER-1854"]
[Site "http://www.queenalice.com/game.php?id=1253792"]
[Date "2014.2.4"]
[Round "2"]
[White "battit"]
[Black "kraler"]
[Result "1-0"]
[WhiteElo "2288"]
[BlackElo "2220"]

1. e4 e5 2. Nf3 Nc6 3. Bb5 a6 4. Ba4 b5 5. Bb3 Be7 6. O-O Nf6 7. Re1 O-O 8. a4
Bb7 9. d3 d6 10. Nc3 Nd4 11. Nxd4 exd4 12. Nd5 c6 13. Nxe7+ Qxe7 14. Bg5 h6 15.
Bh4 g5 16. Bg3 Nd7 17. Qh5 Kg7 18. h4 Ne5 19. f4 gxf4 20. Bxf4 Qf6 21. Rf1 Qg6
22. Qxg6+ fxg6 23. Rf2 Ng4 24. Rf3 Rad8 25. Raf1 d5 26. exd5 cxd5 27. axb5 axb5
28. Rg3 Bc8 29. Rgf3 Bf5 30. Bc7 Rd7 31. Bb6 h5 32. Bxd4+ Kh7 33. Re1 Ra8 34.
Rff1 Rad8 35. Ra1 Rb8 36. Rfe1 Rc8 37. Ra7 Kh6 38. Rxd7 Bxd7 39. Re7 Bf5 40.
Bg7+ Kh7 41. Bxd5 Rxc2 42. Bf6+ 1-0

[Event "AUTO-ELITE-1283"]
[Site "http://www.queenalice.com/game.php?id=1254090"]
[Date "2014.2.5"]
[Round "1"]
[White "walleska"]
[Black "battit"]
[Result "0-1"]
[WhiteElo "2072"]
[BlackElo "2273"]

1. e4 c6 2. d4 d5 3. Nc3 dxe4 4. Nxe4 Nf6 5. Nxf6+ exf6 6. Nf3 Bd6 7. Bd3 O-O 8.
O-O Bg4 9. h3 Bh5 10. Be3 Nd7 11. Re1 Re8 12. c4 Qc7 13. c5 Bf4 0-1

[Event "AUTO-ELITE-1283"]
[Site "http://www.queenalice.com/game.php?id=1254096"]
[Date "2014.2.5"]
[Round "1"]
[White "Alligator427"]
[Black "battit"]
[Result "0-1"]
[WhiteElo "2240"]
[BlackElo "2242"]

1. e4 c6 2. d3 d5 3. Nc3 dxe4 4. dxe4 Qxd1+ 5. Nxd1 Nf6 6. f3 g6 7. Bc4 Bg7 8.
Bd2 O-O 9. Bc3 Nbd7 10. Ne3 Nb6 11. Bb3 Nfd7 12. Ne2 Nc5 13. h4 Bxc3+ 14. Nxc3
Be6 15. Kf2 Bxb3 16. axb3 a6 17. Rad1 Rfd8 18. Ne2 Rxd1 19. Rxd1 Kf8 20. Nf4 a5
21. h5 e5 22. Nd3 Nxd3+ 23. Rxd3 Ke7 24. h6 Rd8 25. Rxd8 Kxd8 26. Ng4 Nd7 27.
Ke2 Ke7 28. Kd3 b5 29. Nf2 Nf6 30. g4 Nd7 31. g5 f6 32. gxf6+ Kxf6 33. Ke3 Kg5
34. Ng4 Kh4 35. Kf2 Kh3 36. c3 Kh4 37. Kg2 b4 38. Kf2 Kh3 39. Ne3 Nc5 40. Nc4
bxc3 41. bxc3 Nxb3 42. Nxe5 a4 43. Nxc6 a3 44. Nb4 Kh4 45. Ke3 Kg5 46. Kd3 Kxh6
47. c4 Kg5 48. Kc3 Nc5 49. Kd4 Na6 50. Na2 Kf6 51. f4 Ke6 52. Ke3 h5 53. Kf3 Nc5
54. Nc3 Kf6 55. Kg3 g5 56. f5 Ke5 0-1

[Event "AUTO-ELITE-1283"]
[Site "http://www.queenalice.com/game.php?id=1254097"]
[Date "2014.2.5"]
[Round "1"]
[White "battit"]
[Black "Alligator427"]
[Result "0-1"]
[WhiteElo "2256"]
[BlackElo "2227"]

1. e4 c5 2. Nf3 e6 3. d4 cxd4 4. Nxd4 Nf6 5. Bd3 Nc6 6. Nb3 d5 7. exd5 Nxd5 8.
O-O Bd6 9. c4 Nf4 10. Be4 Qc7 11. g3 Ng6 12. Nc3 a6 13. Be3 Nce5 14. c5 Be7 15.
Qe2 Bd7 16. f4 Nc6 17. Rad1 Rd8 18. f5 exf5 19. Bxf5 Bxf5 20. Rxd8+ Qxd8 21.
Rxf5 O-O 22. Nd5 Qc8 23. Nxe7+ Ncxe7 24. Rf1 Nd5 25. Bd4 Qc6 26. Qf3 Qd7 27. Rd1
Nge7 28. Rd2 f5 29. Be5 Qc6 30. Bd6 Rf7 31. Nd4 Qd7 32. Ne2 Qe6 33. Kf2 Qe4 34.
Nf4 Nf6 35. Re2 Qxf3+ 36. Kxf3 Nc6 37. Kg2 Rd7 38. a3 Ne4 39. Re3 Kf7 40. b4
Nxd6 41. Rd3 g5 42. Nh3 h6 43. cxd6 Ke6 44. Nf2 Ne5 45. Rc3 Kxd6 46. Nd3 Nxd3
47. Rxd3+ Kc6 48. Rc3+ Kb5 49. Rc5+ Ka4 50. Ra5+ Kb3 51. Rxf5 Kxa3 52. b5 a5 53.
Rf6 Kb4 54. b6 a4 55. Rxh6 a3 56. Rh8 a2 57. Ra8 Kb3 58. Kf3 Rd4 0-1

[Event "AUTO-OPEN-2950"]
[Site "http://www.queenalice.com/game.php?id=1254761"]
[Date "2014.2.8"]
[Round "3"]
[White "sovay"]
[Black "battit"]
[Result "1-0"]
[WhiteElo "2595"]
[BlackElo "2280"]

1. e4 c6 2. d4 d5 3. exd5 cxd5 4. c4 dxc4 5. Bxc4 Nf6 6. Nc3 e6 7. Nf3 Be7 8.
O-O O-O 9. Re1 Nc6 10. a3 b6 11. d5 exd5 12. Nxd5 Nxd5 13. Qxd5 Bb7 14. Qh5 h6
15. Bxh6 Bf6 16. Rad1 Qc7 17. Ng5 1-0

[Event "AUTO-OPEN-2950"]
[Site "http://www.queenalice.com/game.php?id=1254762"]
[Date "2014.2.8"]
[Round "3"]
[White "battit"]
[Black "sovay"]
[Result "0-1"]
[WhiteElo "2286"]
[BlackElo "2597"]

1. e4 e5 2. Nf3 Nc6 3. Bb5 Nf6 4. O-O Nxe4 5. d4 Nd6 6. Bxc6 dxc6 7. dxe5 Nf5 8.
Qxd8+ Kxd8 9. Rd1+ Ke8 10. h3 Ne7 11. Nc3 Ng6 12. Be3 Be7 13. a3 f6 14. exf6
gxf6 15. Rd2 Kf7 16. Rad1 Rg8 17. Kf1 b6 18. Nd4 Nh4 19. f3 Nxg2 20. Kf2 f5 21.
Nce2 Bh4+ 0-1

[Event "AUTO-OPEN-2918"]
[Site "http://www.queenalice.com/game.php?id=1258412"]
[Date "2014.2.20"]
[Round "3"]
[White "battit"]
[Black "Canuma"]
[Result "0-1"]
[WhiteElo "2262"]
[BlackElo "2449"]

1. e4 c5 2. Nc3 Nc6 3. Bc4 e6 4. d3 Nf6 5. f4 d5 6. Bb5 Bd7 7. Nf3 d4 8. Bxc6
Bxc6 9. Ne2 Be7 10. O-O O-O 11. Ne5 Qc7 12. a4 Rac8 13. Nxc6 Qxc6 14. b3 Nd7 15.
Ng3 f5 16. Qe2 Bd8 17. Bd2 g6 18. Rae1 Bh4 19. exf5 exf5 20. Qe6+ Qxe6 21. Rxe6
Bxg3 22. hxg3 Rfe8 23. Rfe1 Kf7 24. Rxe8 Rxe8 25. Rxe8 Kxe8 26. Kf2 b6 27. Kf3
h5 28. c4 dxc3 29. Bxc3 Ke7 30. d4 Kd6 31. Ke3 Kd5 32. Kd3 a6 33. dxc5 Nxc5+ 34.
Kc2 Ne4 35. Be5 Nxg3 36. Kd3 Ne4 37. Bc7 b5 38. axb5 axb5 39. Ba5 Nc5+ 40. Kc3
Ne6 41. g3 Ke4 42. Kb4 Nd4 43. Bb6 Nxb3 44. Kxb3 Kf3 0-1

[Event "AUTO-OPEN-2918"]
[Site "http://www.queenalice.com/game.php?id=1258413"]
[Date "2014.2.20"]
[Round "3"]
[White "Canuma"]
[Black "battit"]
[Result "1-0"]
[WhiteElo "2444"]
[BlackElo "2286"]

1. e4 c6 2. d4 d5 3. Nd2 dxe4 4. Nxe4 Nf6 5. Nxf6+ exf6 6. Nf3 Bd6 7. Bd3 O-O 8.
O-O Bg4 9. h3 Bh5 10. Re1 Nd7 11. c4 Qc7 12. g4 Bg6 13. Bxg6 hxg6 14. c5 Bf4 15.
Bxf4 Qxf4 16. Re7 Rad8 17. Qe2 g5 18. Re1 f5 19. Qe3 Qxe3 20. R1xe3 fxg4 21.
hxg4 f6 22. Ra3 a6 23. Rb3 Rfe8 24. Rxe8+ Rxe8 25. Rxb7 Nb8 26. Kg2 Rd8 27. Kg3
Kh7 28. b4 Kg6 29. a4 Rc8 30. Nd2 Rd8 31. Nc4 Rxd4 32. Nd6 a5 33. Nf5 Rd7 34.
Rxb8 axb4 35. Rxb4 Rd3+ 36. f3 Rc3 37. Rb7 Kh7 38. Nxg7 Kg6 39. a5 Ra3 40. a6
Rxa6 41. Nf5 Ra7 42. Ne7+ 1-0

[Event "AUTO-OPEN-2949"]
[Site "http://www.queenalice.com/game.php?id=1266955"]
[Date "2014.3.21"]
[Round "3"]
[White "Constante"]
[Black "battit"]
[Result "1-0"]
[WhiteElo "2185"]
[BlackElo "2107"]

1. e4 c6 2. d4 d5 3. e5 Bf5 4. Nf3 e6 5. Be2 Nd7 6. O-O Ne7 7. Nbd2 Bg6 8. Nh4
Nf5 9. Nxg6 hxg6 10. Nf3 Be7 11. c3 Qb6 12. a4 a5 13. Rb1 Qa7 14. g3 Nb8 15. h4
Na6 16. Kg2 Nc7 17. Bf4 c5 18. Bb5+ Nxb5 19. axb5 Qb6 20. Qa4 O-O 21. Be3 Nxe3+
22. fxe3 cxd4 23. exd4 Rfc8 24. Nd2 Bf8 25. Rf4 Rc7 26. b4 Rcc8 27. bxa5 Rxa5
28. Qc2 Rxb5 29. Qd3 Rxb1 30. Nxb1 Qb3 31. Rf3 b5 32. Qf1 1-0

[Event "AUTO-OPEN-2949"]
[Site "http://www.queenalice.com/game.php?id=1266956"]
[Date "2014.3.21"]
[Round "3"]
[White "battit"]
[Black "Constante"]
[Result "0-1"]
[WhiteElo "2132"]
[BlackElo "2151"]

1. e4 c5 2. Nc3 e6 3. f4 d5 4. d3 Nc6 5. Nf3 Nf6 6. e5 d4 7. Ne4 Nxe4 8. dxe4 h6
9. Bd2 f6 10. Bb5 Qb6 11. Qe2 Bd7 12. exf6 gxf6 13. O-O-O O-O-O 14. Kb1 Be7 15.
Bc4 Kb8 16. e5 f5 17. Rhg1 Rc8 18. h3 h5 19. Be1 Rcg8 20. a3 Na5 21. Ba2 Bb5 22.
Qd2 Nc4 23. Bxc4 Bxc4 24. Bh4 Bxh4 25. Nxh4 Rg3 26. Nf3 h4 27. Kc1 Bd5 28. Ng5
Rg8 29. Rdf1 c4 30. Rf2 c3 0-1

[Event "AUTO-OPEN-2949"]
[Site "http://www.queenalice.com/game.php?id=1266959"]
[Date "2014.3.21"]
[Round "3"]
[White "battit"]
[Black "dadge"]
[Result "1-0"]
[WhiteElo "2057"]
[BlackElo "1910"]

1. d4 d5 2. c4 Nf6 3. Nc3 e6 4. Nf3 Bb4 5. a3 Be7 6. Bf4 c6 7. e3 Nbd7 8. Bd3
Nh5 9. Bg3 Nxg3 10. hxg3 h6 11. Rc1 f5 12. Nh4 Nf6 13. Ng6 Rg8 14. Nxe7 Qxe7 15.
b4 Bd7 16. Qb3 Ne4 17. c5 e5 18. Nxe4 fxe4 19. Bxe4 dxe4 20. Qxg8+ Qf8 21. Qxf8+
Kxf8 22. dxe5 Re8 23. Rh4 Rxe5 24. Rc4 Bf5 25. Rf4 Ke7 26. Rxf5 Rxf5 27. Rxe4+
Kd7 28. Rd4+ Ke7 29. Ke2 g5 30. e4 Re5 31. f4 gxf4 32. gxf4 1-0

[Event "AUTO-OPEN-2949"]
[Site "http://www.queenalice.com/game.php?id=1266960"]
[Date "2014.3.21"]
[Round "3"]
[White "dadge"]
[Black "battit"]
[Result "1-0"]
[WhiteElo "1927"]
[BlackElo "2096"]

1. e4 c5 2. Nf3 d6 3. d4 cxd4 4. Nxd4 Nf6 5. Nc3 g6 6. Be2 Bg7 7. Be3 Nc6 8. O-O
O-O 9. Qd2 Ng4 10. Bxg4 Bxg4 11. f4 Bd7 12. Nd5 e6 13. Nc3 Qe7 14. Rad1 a6 15.
Nxc6 Bxc6 16. Bd4 Bxd4+ 17. Qxd4 Rfd8 18. f5 exf5 19. exf5 Qe5 20. fxg6 hxg6 21.
Qh4 Rd7 22. Rde1 Qg7 23. Re3 1-0

[Event "OS INCLIVEIS"]
[Site "http://www.queenalice.com/game.php?id=1290094"]
[Date "2014.6.23"]
[Round "-"]
[White "adelio"]
[Black "battit"]
[Result "1-0"]
[WhiteElo "1802"]
[BlackElo "2237"]

1. d4 Nf6 2. c4 g6 3. Nc3 Bg7 4. e4 d6 5. Be2 O-O 6. g4 Nc6 7. h4 e5 8. h5 Nxd4
9. Bh6 Bxh6 10. hxg6 fxg6 11. Rxh6 Nxe2 12. Qxe2 Nxg4 13. Rxg6+ hxg6 14. Nf3 Qf6
15. Nd5 Qxf3 16. Ne7+ Kh7 17. Qxf3 Rxf3 18. Ke2 Rxf2+ 19. Kd3 Be6 20. Rh1+ Kg7
21. Rg1 c6 22. Nf5+ gxf5 23. b3 Rh8 24. Kc3 1-0

[Event "AUTO-ELITE-1354"]
[Site "http://www.queenalice.com/game.php?id=1291490"]
[Date "2014.6.30"]
[Round "1"]
[White "battit"]
[Black "BEBADO"]
[Result "0-1"]
[WhiteElo "2067"]
[BlackElo "2244"]

1. e4 c5 2. Nf3 e6 3. d3 Nc6 4. g3 g6 5. Bg2 Bg7 6. O-O Nge7 7. c3 d5 8. Nbd2
O-O 9. Qe2 b6 10. Rd1 a5 11. Nf1 Ba6 12. Bg5 d4 13. c4 f6 14. Bd2 e5 15. Nh4 Ra7
16. f4 Bc8 17. a3 a4 18. Rac1 Na5 19. Rc2 Nb3 20. Be1 Bd7 21. Nd2 Nxd2 22. Bxd2
Rb7 23. Rdc1 Qc7 24. h3 Qc8 25. Kh2 Nc6 26. Rf1 Be8 27. Nf3 Bd7 28. fxe5 Nxe5
29. Nxe5 fxe5 30. Rcc1 Qc6 31. Rxf8+ Bxf8 32. Rf1 Bg7 33. h4 b5 34. cxb5 Qxb5
0-1

[Event "AUTO-ELITE-1354"]
[Site "http://www.queenalice.com/game.php?id=1291491"]
[Date "2014.6.30"]
[Round "1"]
[White "BEBADO"]
[Black "battit"]
[Result "1-0"]
[WhiteElo "2174"]
[BlackElo "2145"]

1. e4 c5 2. Nf3 Nc6 3. d4 cxd4 4. Nxd4 Nf6 5. Nc3 e6 6. Nxc6 dxc6 7. Qxd8+ Kxd8
8. Bd2 Bc5 9. f3 e5 10. O-O-O Kc7 11. Bc4 Rf8 12. g4 b5 13. Bf1 1-0

[Event "AUTO-ELITE-1354"]
[Site "http://www.queenalice.com/game.php?id=1291492"]
[Date "2014.6.30"]
[Round "1"]
[White "battit"]
[Black "pomar"]
[Result "0-1"]
[WhiteElo "2148"]
[BlackElo "2028"]

1. e4 e6 2. d4 d5 3. Nd2 c5 4. Ngf3 Qb6 5. c3 Nc6 6. exd5 exd5 7. Nb3 c4 8. Nbd2
Bd6 9. b3 cxb3 10. axb3 Bg4 11. Bd3 Nge7 12. O-O O-O-O 13. Ba3 a6 14. Qc2 Kb8
15. Rfe1 h6 16. Bxd6+ Rxd6 17. Ne5 Be6 18. Ndf3 f6 19. Nxc6+ Nxc6 20. b4 Rc8 21.
Nd2 Nxb4 22. Qb1 Rxc3 23. Bf5 Bxf5 24. Qxf5 Qxd4 25. Nf3 Qc5 26. Re8+ Ka7 27.
Rae1 Rc1 28. h3 Qc3 29. Kh2 Rxe1 30. Rxe1 Nc6 31. Qc8 Qb4 32. Re8 d4 33. Qa8+
Kb6 34. Qb8 Nxb8 0-1

[Event "AUTO-ELITE-1354"]
[Site "http://www.queenalice.com/game.php?id=1291493"]
[Date "2014.6.30"]
[Round "1"]
[White "pomar"]
[Black "battit"]
[Result "1-0"]
[WhiteElo "2049"]
[BlackElo "2121"]

1. f3 d5 2. Kf2 e5 3. e3 Nf6 4. c4 c6 5. cxd5 cxd5 6. d4 Nc6 7. dxe5 Nxe5 8.
Bb5+ Bd7 9. Qa4 Bc5 10. Ne2 O-O 11. Bxd7 Nfxd7 12. Nbc3 Nd3+ 13. Kf1 Nxc1 14.
Rxc1 Bxe3 15. Rd1 Nb6 16. Qb3 Qh4 17. Ng3 d4 18. Nce4 Rad8 19. Ke2 Nd5 20. Nf5
Nf4+ 21. Kf1 Qh5 22. Neg3 Qg5 23. h4 Qf6 24. Nxe3 dxe3 25. Re1 Qa6+ 26. Kg1 e2
27. Ne4 Rd3 28. Nc3 Qc6 29. Qb4 Nxg2 30. Rxe2 Ne3 31. Kf2 Ng4+ 32. Qxg4 f5 33.
Qf4 Qb6+ 34. Kg2 Qg6+ 35. Kh3 Qh5 36. Qc4+ 1-0

[Event "AUTO-MASTER-2114"]
[Site "http://www.queenalice.com/game.php?id=1291585"]
[Date "2014.7.1"]
[Round "1"]
[White "pomar"]
[Black "battit"]
[Result "1-0"]
[WhiteElo "2085"]
[BlackElo "2200"]

1. f3 e5 2. Kf2 Nf6 3. e3 d5 4. c4 Nc6 5. cxd5 Nxd5 6. Qb3 Be7 7. Bc4 Be6 8. Nc3
Na5 9. Qa4+ c6 10. Bxd5 Bxd5 11. Nge2 b5 12. Qc2 Bc4 13. b3 Bd3 14. Qd1 O-O 15.
Bb2 Nb7 16. Nc1 Bg6 17. d4 exd4 18. exd4 Bf6 19. N1e2 1-0

[Event "AUTO-MASTER-2114"]
[Site "http://www.queenalice.com/game.php?id=1291586"]
[Date "2014.7.1"]
[Round "1"]
[White "battit"]
[Black "pomar"]
[Result "0-1"]
[WhiteElo "2073"]
[BlackElo "2083"]

1. e4 e6 2. d4 d5 3. Nd2 c5 4. Ngf3 Qb6 5. c3 cxd4 6. Nxd4 Bc5 7. exd5 Bxd4 8.
cxd4 Qxd4 9. dxe6 Bxe6 10. Bb5+ Nd7 11. O-O Nf6 12. Nf3 Qb6 13. Ba4 O-O 14. Nd4
Nc5 15. Nxe6 Qxe6 16. Bc2 Rad8 17. Qf3 Qd5 18. Qh3 Nce4 19. Be3 Qa5 20. a3 b6
21. Rad1 Qb5 22. Bd4 Qc4 23. Bxf6 Rxd1 24. Bxd1 Nxf6 25. Re1 Rd8 26. Qe3 h6 27.
Bb3 Qb5 28. Qc3 Qd7 29. h3 Qd2 30. Re7 Qxc3 31. bxc3 Nd5 32. Rxa7 Nxc3 33. Rxf7
Kh8 34. Rb7 Rd6 35. Bc2 g5 36. g3 b5 37. Bf5 Ra6 38. Bd3 Rxa3 39. Bxb5 Nxb5 40.
Rxb5 Kg7 41. Rb6 h5 42. Kg2 Rc3 43. Re6 Ra3 44. Re3 Ra2 45. g4 hxg4 46. hxg4 Kf6
0-1

[Event "AUTO-MASTER-2114"]
[Site "http://www.queenalice.com/game.php?id=1291603"]
[Date "2014.7.1"]
[Round "1"]
[White "battit"]
[Black "toomchess"]
[Result "0-1"]
[WhiteElo "2041"]
[BlackElo "2181"]

1. e4 e5 2. Nf3 Nc6 3. Bb5 Bc5 4. O-O Qf6 5. c3 Nge7 6. d3 O-O 7. Be3 Bb6 8.
Nbd2 d6 9. h3 h6 10. Nc4 d5 11. Nxb6 axb6 12. Nh2 dxe4 13. dxe4 Qg6 14. Qf3 Be6
15. a3 f5 16. exf5 Bxf5 17. Qg3 Nd5 18. Qxg6 Bxg6 19. Bd2 Kh8 20. Rfe1 Rad8 21.
Ng4 Nf6 22. Be3 Nxg4 23. hxg4 Rd6 24. Rad1 Rfd8 25. Rxd6 Rxd6 26. f3 Bc2 27. Kf2
g5 28. Re2 Bb3 29. Rd2 Rxd2+ 30. Bxd2 Kg7 31. Ke3 Kf6 32. Be1 Ke6 33. Bd3 Ne7
34. Bg3 Nd5+ 35. Kd2 Nf4 36. Bf1 Kd5 37. Ke3 c6 38. Bxf4 gxf4+ 39. Kd2 e4 40.
Be2 e3+ 41. Ke1 b5 42. Bd3 Ba4 43. Ke2 b6 44. g3 Ke5 45. gxf4+ Kxf4 46. Be4 c5
47. Bc6 Bb3 0-1

[Event "AUTO-MASTER-2114"]
[Site "http://www.queenalice.com/game.php?id=1291604"]
[Date "2014.7.1"]
[Round "1"]
[White "toomchess"]
[Black "battit"]
[Result "0-1"]
[WhiteElo "2194"]
[BlackElo "2134"]

1. e4 c6 2. d4 d5 3. e5 Bf5 4. Nc3 e6 5. Nge2 Nd7 6. Ng3 Bg6 7. Bd3 Ne7 8. Bxg6
hxg6 9. Bg5 Qb6 10. Qd2 c5 11. Na4 Qc6 12. Nxc5 Nxc5 13. dxc5 Qxc5 14. Be3 Qc6
15. Ne2 Nf5 16. Nd4 Nxd4 17. Bxd4 Bc5 18. O-O-O Rh4 19. f4 Rc8 20. Bxc5 Qxc5 21.
g3 Rh8 22. h4 Ke7 23. Qd4 Qxc2# 0-1

[Event "AUTO-MASTER-2114"]
[Site "http://www.queenalice.com/game.php?id=1291605"]
[Date "2014.7.1"]
[Round "1"]
[White "battit"]
[Black "guy92"]
[Result "0-1"]
[WhiteElo "2164"]
[BlackElo "1926"]

1. e4 e5 2. Nf3 Nf6 3. Nxe5 d6 4. Nf3 Bg4 5. Nc3 Be7 6. Be2 Nbd7 7. O-O O-O 8.
d4 c5 9. Be3 a6 10. a4 Bxf3 11. Bxf3 cxd4 12. Qxd4 Ne5 13. Be2 Nc6 14. Qd2 Qc7
15. f3 Rad8 16. Rfd1 Rd7 17. Qe1 Re8 18. Qf2 Nb4 19. Rd2 d5 0-1

[Event "AUTO-MASTER-2114"]
[Site "http://www.queenalice.com/game.php?id=1291606"]
[Date "2014.7.1"]
[Round "1"]
[White "guy92"]
[Black "battit"]
[Result "1-0"]
[WhiteElo "1899"]
[BlackElo "2185"]

1. d4 Nf6 2. c4 g6 3. Nc3 Bg7 4. Nf3 d6 5. e4 O-O 6. Be2 Re8 7. O-O Bg4 8. e5
Nfd7 9. exd6 cxd6 10. Re1 Nc6 11. Be3 Rc8 12. b3 a6 13. Rc1 Qa5 14. Qd2 Nf6 15.
d5 Bxf3 16. Bxf3 Ne5 17. Be2 Qc7 18. Bd4 Ned7 19. Qb2 Qb8 20. Bd3 1-0